000 00791nam a2200205Ia 4500
008 241004s9999 xx 000 0 und d
020 _a9789392235214
037 _aTextbook
040 _aARTS
_bhin
_cARTS
041 _ahin
_2hin
084 _aV2:67.A 152R2
_qARTS
100 _aपार्जिटर, एफ. ई., ले.
_9724574
245 _aप्राचीन भारतीय इतिहास की अनुश्रुति
_cपार्जिटर, एफ. ई., ले.
260 _aभारत
_bदिल्ली, आर्यावर्त संस्कृति संस्थान,
_c2021
300 _a439पृ0
365 _aINR
_b900
650 _aHistory-India
942 _cTB
_hV2:67.A 152R2
999 _c1218677
_d1218677